Consumer behavior and marketing action

Salvato in:
Dettagli Bibliografici
Autore principale: Assael, Henry
Natura: Libro
Lingua:inglese
Pubblicazione: Boston PWS-Kent Publishing Company 1992
Edizione:4. ed.
Soggetti:
Tags: Aggiungi Tag
Nessun Tag, puoi essere il primo ad aggiungerne!!

MARC

LEADER 00000nam a2200000 4500
001 c101261
005 20221123102129.6
020 |a 0-534-92552-9 
041 0 |a eng 
044 |a US 
245 1 0 |a Consumer behavior and marketing action  |c Henry Assael 
250 |a 4. ed. 
264 1 |a Boston  |b PWS-Kent Publishing Company  |c 1992 
300 |a 748 s. 
610 2 0 |a spotreba 
610 2 0 |a spotrebitelia 
610 2 0 |a správanie spotrebiteľa 
610 2 0 |a trh 
610 2 0 |a marketing 
610 2 0 |a modely 
610 2 0 |a spoločnosti 
610 2 0 |a predaj 
610 2 0 |a kúpa 
610 2 0 |a reklama 
610 2 0 |a odbyt 
100 1 |a Assael, Henry